000 00746nam a2200181Ia 4500
008 100921s9999 xx 000 0 und d
082 _b29510
_a954.792 थ 93
100 _aसोवनी मधुकर विष्णु.
245 _aअसा घडला महाराष्ट्र-1.
260 _bशब्दवेध प्रकाशन, पुणे.
_c1993
300 _a52
_bशब्दवेध,पुणे.
365 _b20
520 _aइतिहास-महाराष्ट्र.
630 _aअसा घडला महाराष्ट्र-1.
650 _aइतिहास-महाराष्ट्र.
730 _aअसा घडला महाराष्ट्र-1.
942 _cBOOK
999 _c778623
_d778620